00666nam a2200217 a 4500001001300000003000900013005001700022008004100039020001000080082001900090245005500109260003900164300000900203500003500212650003100247710002300278902000800301942000700309952011700316999001500433nice12345678IN_TiNIC20260116011450.0070702s1950 boma grp 000 0 eng  ac10000a491.47321bGEN aMy Own Pocket Dictionary Gujarati-English-gujarati aBombay bGeneral Book Depot c1950 a1086 aincludes index and biblioraphy aDictionary-English Gujrati2 aGeneral Book Depot bRHR cBK 001040708ReferHall-aHMIbHMId2007-07-02g100.00l0o491.47321 GENp083r2007-07-02v100.00w2007-07-02yBK c1786d1786